| 000 | 00539nam a2200229Ia 4500 | ||
|---|---|---|---|
| 003 | 0100 | ||
| 008 | 130307s9999 xx 000 0 und d | ||
| 040 | _cARRUPELIB | ||
| 050 | _aBR127.P58 1998 | ||
| 245 | _aPluralism and the religions | ||
| 245 | _bthe teological and political dimensions | ||
| 260 | _aLondon | ||
| 260 | _bCassell | ||
| 260 | _c1998 | ||
| 300 | _aix | ||
| 300 | _b99p. 23 cm. | ||
| 650 | _aCHRISTIANITY | ||
| 650 | _bEthics - History | ||
| 650 | _cEthics | ||
| 700 | _aMay, John Darcy (ed.) | ||
| 942 | 0 | 0 | _03 |
| 999 |
_c96908 _d96908 |
||